Suomen kunnat, jotka päättyvät kirjaimeen E - Statistics

Yleistilastot
  • Tätä visaa on pelattu 155 kertaa
  • Keskiarvotulos 8 / 10
Vastaustilastot
Maakunta Kunta % Oikein
Pohjois-Pohjanmaa Kempele
89%
Pohjois-Karjala Kitee
84%
Ahvenanmaa Kumlinge
83%
Pirkanmaa Tampere
83%
Pirkanmaa Pälkäne
79%
Keski-Suomi Muurame
77%
Pohjois-Pohjanmaa Raahe
77%
Pohjois-Savo Keitele
74%
Etelä-Pohjanmaa Kuortane
70%
Etelä-Karjala Savitaipale
64%
Ehtoja vastaavia visoja ei löytynyt
Tulosjakauma
Jokaisen tuloksen saaneiden osuus
Persentiili vastausten määrän mukaan
Tuloshistoriasi
Et ole pelannut tätä visaa